Výpoveď svedka v správnom procese pred obcou

V správnom procese má obec, ktorá je miestnou samosprávou, právne postavenie správneho orgánu. Pokiaľ obec uzná v procese dokazovania za nevyhnutné, aby určitá osoba vypovedala a ozrejmila skutočnosti podstatné pre priebeh správneho konania, môže si ju predvolať. Predmetom článku sú skutočnosti, o k...

Descrizione completa

Salvato in:
Dettagli Bibliografici
Autore principale: Hrtánek, Ladislav
Natura: Capitolo di libro
Lingua:slovacco
Soggetti:
Tags: Aggiungi Tag
Nessun Tag, puoi essere il primo ad aggiungerne!!

MARC

LEADER 00000naa a2200000 4500
001 0300198
005 20240430091959.0
041 0 |a slo 
044 |a SK 
245 1 0 |a Výpoveď svedka v správnom procese pred obcou  |c Ladislav Hrtánek 
520 |a V správnom procese má obec, ktorá je miestnou samosprávou, právne postavenie správneho orgánu. Pokiaľ obec uzná v procese dokazovania za nevyhnutné, aby určitá osoba vypovedala a ozrejmila skutočnosti podstatné pre priebeh správneho konania, môže si ju predvolať. Predmetom článku sú skutočnosti, o ktorých svedok nemôže vypovedať, ako aj možnosť svedka odoprieť svedeckú výpoveď, či postavenie svedeckej výpovede v rámci dokazovania pred obcou. 
610 2 0 |a právo správne 
610 2 0 |a konanie správne 
610 2 0 |a samospráva miestna 
610 2 0 |a obce 
610 2 0 |a informácie 
100 1 |a Hrtánek, Ladislav